000
00291nam a2200109Ia 4500
005
20251222152713.0
008
251222s9999||||xx |||||||||||||| ||spa||
082
_a
370.985/M61
100
_a
Ministerio de Educacuón
245
0
_a
Proyecto Educativo Regional de Ucayali 2008-2021
942
_c
LIB
999
_c
29274
_d
29274